The architecture of the facade / (Record no. 30705)
[ view plain ]
| 000 -LEADER | |
|---|---|
| fixed length control field | 02696cam a2200313 i 4500 |
| 001 - CONTROL NUMBER | |
| control field | 22615002 |
| 003 - CONTROL NUMBER IDENTIFIER | |
| control field | EG-ScBUE |
| 005 - DATE AND TIME OF LATEST TRANSACTION | |
| control field | 20240306135856.0 |
| 008 - FIXED-LENGTH DATA ELEMENTS--GENERAL INFORMATION | |
| fixed length control field | 220601s2023 nyua f b 001 0 eng d |
| 020 ## - INTERNATIONAL STANDARD BOOK NUMBER | |
| International Standard Book Number | 9781138851719 |
| 040 ## - CATALOGING SOURCE | |
| Original cataloging agency | DLC |
| Language of cataloging | eng |
| Description conventions | rda |
| Transcribing agency | DLC |
| Modifying agency | DLC |
| -- | EG-ScBUE |
| 082 04 - DEWEY DECIMAL CLASSIFICATION NUMBER | |
| Classification number | 729.1 |
| Edition number | 22 |
| Item number | KOR |
| 100 1# - MAIN ENTRY--PERSONAL NAME | |
| Personal name | Korman, Randall, |
| Relator term | author. |
| 245 14 - TITLE STATEMENT | |
| Title | The architecture of the facade / |
| Statement of responsibility, etc | Randall Korman. |
| 264 #1 - PUBLICATION, DISTRIBUTION, ETC. (IMPRINT) | |
| Place of publication, distribution, etc | New York : |
| Name of publisher, distributor, etc | Routledge / Tatylor & Francis Group, |
| Date of publication, distribution, etc | 2023. |
| 300 ## - PHYSICAL DESCRIPTION | |
| Extent | xx, 330 pages : |
| Other physical details | illustrations (some color) ; |
| Dimensions | 27 cm |
| 336 ## - CONTENT TYPE | |
| Content type term | text |
| Content type code | txt |
| Source | rdacontent |
| 337 ## - MEDIA TYPE | |
| Media type term | unmediated |
| Media type code | n |
| Source | rdamedia |
| 338 ## - CARRIER TYPE | |
| Carrier type term | volume |
| Carrier type code | nc |
| Source | rdacarrier |
| 504 ## - BIBLIOGRAPHY, ETC. NOTE | |
| Bibliography, etc | Includes bibliographical references and index. |
| 520 ## - SUMMARY, ETC. | |
| Summary, etc | "The Architecture of the Façade provides a comprehensive study of the façade as both a physical and cultural artifact, highlighting its significance as a critical component of the civic realm and arguing for the restoration of the art of the façade as both a subject of study within academia and an aspiration within the profession at large. As the principal surface of mediation, contextualization, and representation, the façade carries the lion's share of responsibility for containing the internal environment and confronting the outer world. And yet, in recent decades, the very question of what exactly a façade is has been raised by the dramatic changes in building technology, advances of parametric design, and the ubiquity of "blob" architecture. The Architecture of the Façade addresses these and other related issues. The book is organized into twelve chapters, with each chapter addressing a particular aspect of the phenomenon of the façade such as those of wall, the frame, transparency, and the role of the façade in civic space. Korman also discusses proportional systems, the language of composition, the role of precedent, the importance of context, the role of structure, and much more. Over 350 photos and diagrams provide readers with a variety of examples of artful façades throughout history. Online teaching resources to accompany this book include a course syllabus and a glossary. This will be of great interest to design architecture students in architecture studios as well as instructors and professional architects interested in façade design"-- |
| Assigning source | Provided by publisher. |
| 650 #7 - SUBJECT ADDED ENTRY--TOPICAL TERM | |
| Topical term or geographic name as entry element | Facades. |
| Source of heading or term | BUEsh |
| 653 ## - INDEX TERM--UNCONTROLLED | |
| Arrived date list | March2024 |
| Resource For college | Engineering, Architecture |
| 655 ## - INDEX TERM--GENRE/FORM | |
| Form subdivision | Reading book |
| 906 ## - LOCAL DATA ELEMENT F, LDF (RLIN) | |
| a | 7 |
| b | cbc |
| c | orignew |
| d | 1 |
| e | ecip |
| f | 20 |
| g | y-gencatlg |
| 942 ## - ADDED ENTRY ELEMENTS (KOHA) | |
| Source of classification or shelving scheme | Dewey Decimal Classification |
| Koha item type | Book - Borrowing |
| Withdrawn status | Lost status | Source of classification or shelving scheme | Damaged status | Not for loan | Collection code | Home library | Current library | Shelving location | Date acquired | Source of acquisition | Cost, normal purchase price | Serial Enumeration / chronology | Total Checkouts | Full call number | Barcode | Date last seen | Cost, replacement price | Price effective from | Koha item type |
|---|---|---|---|---|---|---|---|---|---|---|---|---|---|---|---|---|---|---|---|
| Dewey Decimal Classification | Alahram | Central Library | Central Library | Second Floor | 06/03/2024 | Purchase | 2399.00 | 176 | 729.1 KOR | 000057052 | 15/07/2025 | 2999.00 | 06/03/2024 | Book - Borrowing |